00975nam a2200349Ia 4500003000400000005001700004008004100021020001800062040001800080041000800098082002100106100001600127245006100143250001200204260005500216300001700271650001800288650001800306650001600324650003100340650004200371650002500413650004100438650002900479650001300508650001500521650001200536650001700548650002100565650002400586650001500610OSt20221123103723.0210716s2015 xx 000 0 und d a9788126549306 cAIMIT LIBRARY aeng a153.94 21bANAP aAnand, P A. aQuantitative aptitude : bFor competitive examinations / a1st ed. aNew Delhi :bWiley Quantitative Aptitude , c2015. axxiii, 384p, aAptitude Test aNumber System aPercentages aProfit , Loss and Discount aSimple Interest and Compound Interest aRatio and Proportion aAlligation , Mixtures and Solutions  aTime, Speed and Distance aCalendar aLogarithms aIndices aMensuration  aData Sufficiency aData Interpretation aMock Tests